MDQL
is popping MORE tags! Check the
thread
!
Quizzes
Events
Quiz Creation
Community
Videos
Private Events
Remove Ads
Sign In
Join for FREE
Feedback
Dark Mode
Quiz Categories
Sports
Geography
Music
Movies
Television
Just For Fun
Miscellaneous
History
Literature
Language
Science
Gaming
Entertainment
Religion
Holiday
For Kids
Quiz Lab
Recent
Popular Today
Quiz Kudos Today
Editor Picks
Curator Picks
Quizzes by...
Day
Popularity
Type
Ratings
Length
Year
Community
Subscriptions
Recent Discussions
Orange Saloon
Badges
Playlists
Quests
Create
Leaderboards
Showdown
Live 5
Trivia Bingo
Activity
Puzzle Library
Sporcle Events
Private Events
Virtual Trivia
Globe League
Become a Host
Pub Owners
SporcleCon
Opinionation
Our Games
Videos
Blog
Mobile Apps
Partnerships
Remove Ads and Go Orange
Feedback
History
US Presidents
World Leaders
Politics
Nation
Discovery
War
Decade
Year
Century
Biography
Art
History
US Presidents
World Leaders
Politics
Nation
Discovery
War
Decade
Year
Century
Biography
Art
Random Quiz
Search Sporcle
×
Quiz Lab
Quiz Lab
History
Clickable
Select answers by clicking on text or image buttons
Select answers by clicking on text or image buttons
Clickable
Best Score? Go Orange.
French Revolution Review Stats
Can you pick the French Revolution Review?
By
Teacherjo
20m
40 Questions
915 Plays
915 Plays
915 Plays
Comments
Comments
Give Quiz Kudos
Give Quiz Kudos
-
- Ratings
hide this ad
Forced Order
Answers have to be entered in order
Answers have to be entered in order
Replay
Link that replays current quiz
Next Quiz
Link to next quiz in quiz playlist
You Got
0%
They Got
Avg Score
53%
Avg Friend Score
Upgrade to see
Score Distribution
Jump to the score distribution portion of the page
Score
0/40
Timer
20:00
0
Plays Today
% Correct
bread
75%
Third Estate
70.9%
Third Estate
70.4%
weak leader
70%
the guillotine
69.8%
the guillotine
69.2%
American Revolution
67.8%
Bastille
65.4%
One
64.8%
First estate
64.5%
Sans Culottes
63.7%
spending
63%
Second Estate
62.6%
Robespierre
60.1%
Women's March to Versailles
59%
being an enemy of the revolution
58.9%
liberte, egalite, fraternite
57.4%
National Assembly
56.7%
laws, protection of rights, freedoms
55.1%
Tennis Court
54.7%
% Correct
Austria
54.7%
monarchy
54.1%
Weak economy
53.9%
humane and efficient
52.1%
Committee of Public Safety
51.8%
weak economy
48.4%
coup d'etat
48.3%
Marat
47.8%
Legislative Assembly
46.8%
Great Fear
43.7%
Directory
43.1%
Phase 4
42.3%
English Bill of RIghts
38.5%
beheading of Louis XVI
36.8%
Phase 3
36.3%
Phase 1
35.2%
the Enlightenment
35%
Declaration of the Rights of Man
34.6%
beheading of Louis XVI
32.4%
Phase 2
31.2%
Quiz Playlist
Details
Report
Send in Message
Add To Playlist
Clickable:
Select answers by clicking on text or image buttons
Forced Order:
Answers have to be entered in order
Last Updated: Feb 16, 2017
Quiz Scoreboard
CHALLENGE
Sign Up to Join the Scoreboard
Show All
Scores
Hide
Comments
May contain spoilers
Recently Published
Street Fighter Characters
by Artimus82
Gaming
60s
9x9 Crossword: Cartoon Network
by jackfrog10
Miscellaneous
3m
College Basketball Coaching Resumes
by pancakes188
Sports
9m
More to Explore
Quiz From the Vault
Featured Blog Post
Where Did the Easter Bunny Come From?
hide this ad
You Might Also Like...
Tags
Clickable Quiz
French Quiz
Review
Revolution
Today's Top Quizzes in History
Browse History
hide this ad
Today's Top Quizzes in Clickable
Browse Clickable
Top Contributed Quizzes in History
1
Popular People in 1991
2
Popular People in 1981
3
Popular People in 1951
4
Popular People in 1941
5
Popular People in 1986
6
Popular People in 1976
7
Popular People in 1921
8
5-to-1: 20th Century Images of War
9
I Am Born On March 28th
10
Popular People in 1946
Explore More
Trending Topics
Harry Potter
NBA
Anime
Kpop
Marvel
Disney
Crossword
Pokémon
Country
Song
The Office
WWE
NFL
Soccer
Puzzle
hide this ad
More By:
Teacherjo
Quiz
Plays
Rating
Category
Featured
Created
Italian and Northern Renaissance Review
1,631
3.00
History
Oct 2, 2012
Industrial Revolution
1,531
2.75
History
Mar 7, 2013
Russian Revolution Review
1,412
3.67
History
Mar 21, 2014
French Revolution Review
915
1.00
History
Jan 15, 2013
Reformation Review
880
2.00
History
Oct 18, 2012
Go to Creator's Profile
Score Distribution
Quiz Creator Spotlight
Teacherjo
Follow
Send a Message
Quizzes Created
-
Created Quiz Play Count
-
More By This Creator
Popular Quizzes Today
1
Find the US States - No Outlines Minefield
2
Find the Countries of Europe - No Outlines Minefield
3
The Countries of the World
4
Find the US States
5
Risky Map Clicking: Biggest States A-Z
6
US States
7
Popular People in 1961
8
Movies - When Are They Set?
More History Quizzes
That's What 'L' Said
Published
Trending Quizzes
Risky Map Clicking: Least Populous States A-Z
Countries of the World: 200 Million BC
Billboard Blitz: Aretha Franklin
1-10 Letter G Words
Famous Russians: Author or Composer?
Recently Updated
Leaping Animals
pecheneg
Reality TV Shows (A-Z)
bhenderson79
Rickey Henderson's Hall of Fame Teammates
pecheneg
Champions League XIs: Arsenal
pecheneg
Quick Pick: Celebrities in WWE's Hall of Fame
aduchscher
A-Z Keypad Blitz II
pecheneg
Multiple Oscar Actors
pecheneg
Mystery Phrase Blitz: Oscar 'Best Actors'
pecheneg
F. Scott Fitzgerald Novels
LTH
Pick 3 Villains
ddd62291
Trending Topics
Kpop
Disney
NBA
Crossword
Marvel
Harry Potter
Anime
Song
Country
NFL
Pokémon
Puzzle
The Office
WWE
Soccer
Your Account Isn't Verified!
In order to create a playlist on Sporcle, you need to verify the email address you used during registration. Go to your
Sporcle Settings
to finish the process.
Report this User
Report this user for behavior that violates our
Community Guidelines
.
Details:
Send Report
Go to the Sporcle.com Mobile Site →
Comments